MARC

LEADER 00000nam0a2200000 4500
001 357631
005 20231102011018.0
035 |a (RuTPU)RU\TPU\retro\14899 
090 |a 357631 
100 |a 20200807d1973 km y0rusy50 ca 
101 0 |a rus 
102 |a RU 
105 |a a z 001zy 
200 1 |a Асбестоцементные трубы для газопроводов  |f М. Е. Чеченин 
210 |a Москва  |c Стройиздат  |d 1973 
215 |a 120 с.  |c ил. 
320 |a Библиогр.: с. 117-119 
606 1 |a Газопроводы асбестоцементные  |x Строительство  |2 stltpush  |3 (RuTPU)RU\TPU\subj\38405  |9 58957 
610 1 |a асбестоцементные трубы 
610 1 |a асбестоцементные материалы 
610 1 |a свойства 
610 1 |a производство 
610 1 |a технология 
610 1 |a муфтовые соединения 
610 1 |a технико-экономическая эффективность 
675 |a 692.6  |v 4 
700 1 |a Чеченин  |b М. Е.  |g Марк Евлампиевич 
801 1 |a RU  |b 63413507  |c 20200807 
801 2 |a RU  |b 63413507  |c 20210326  |g RCR 
942 |c BK